| 000 | 00607nam a22001697a 4500 | ||
|---|---|---|---|
| 020 | _qHard Cover. | ||
| 082 | _a610.28 | ||
| 100 | _aAkhtar, Hafiz Muhammad Mubin | ||
| 245 |
_aEvaluation of Corchorus Saponins for their Therapeutic Potential _cHafiz Muhammad Mubin Akhtar. |
||
| 260 |
_aIslamabad: _bSMME - NUST. _c2015. |
||
| 300 |
_a73 p.: ill.; _c30cm. |
||
| 650 |
_aBio-Medical Engineering MS-Thesis. _916123 |
||
| 700 |
_aDr. Nosheen Fatima Rana _921167 |
||
| 856 | _uhttp://10.250.8.41:8080/xmlui/handle/123456789/6172 | ||
| 942 |
_2ddc _cTHE |
||
| 999 |
_c529509 _d529509 |
||